[Event "GER-ch Seniors Gp-B 19th"]
[Site "Templin"]
[Date "2007.08.31"]
[Round "9"]
[White "Zimmermann, Ulrich1111"]
[Black "Grabara, Manfred"]
[Result "0-1"]
[WhiteElo "1646"]
[BlackElo "1723"]
[PlyCount "62"]
[EventDate "2007.08.23"]
[EventType "swiss"]
[EventRounds "9"]
[EventCountry "GER"]
[SourceTitle "EXT 2022"]
[Source "ChessBase"]
[SourceDate "2021.10.06"]
[SourceVersion "1"]
[SourceVersionDate "2021.10.06"]
[SourceQuality "1"]

1. d4 f5 2. g3 g6 3. Bg2 Nf6 4. c4 c6 5. Nc3 d5 6. cxd5 cxd5 7. Nf3 e6 8. Bg5 Nc6 9. e3 Bb4 10. Rc1 0-0 11. a3 Bd6 12. 0-0 Kg7 13. Nd2 h6 14. Bxf6+ Qxf6 15. f4 Bd7 16. Nf3 g5 17. Ne5 Be8 18. g4 gxf4 19. Nxc6 Bxc6 20. exf4 Qh4 21. gxf5 Rxf5 22. Ne2 Raf8 23. Rc3 Bxf4 24. Nxf4 Rxf4 25. Rg3+ Kh8 26. Rxf4 Rxf4 27. Qe2 Qf6 28. Qh5 Kh7 29. Rf3 Qxd4+ 30. Kh1 Qd1+ 31. Bf1 Qxf3+ 0-1

[Event "GER-ch Seniors Gp-B 19th"]
[Site "Templin"]
[Date "2007.08.30"]
[Round "8"]
[White "Grabara, Manfred"]
[Black "Fischer, Paul"]
[Result "1-0"]
[WhiteElo "1723"]
[BlackElo "1688"]
[PlyCount "121"]
[EventDate "2007.08.23"]
[EventType "swiss"]
[EventRounds "9"]
[EventCountry "GER"]
[SourceTitle "EXT 2022"]
[Source "ChessBase"]
[SourceDate "2021.10.06"]
[SourceVersion "1"]
[SourceVersionDate "2021.10.06"]
[SourceQuality "1"]

1. f4 d5 2. e3 g6 3. Nf3 Bg7 4. a4 a5 5. Na3 c6 6. Rb1 Na6 7. Bxa6 Rxa6 8. b3 Nf6 9. Bb2 0-0 10. 0-0 Bf5 11. d3 Qd6 12. Qe1 Ng4 13. Bxg7 Kxg7 14. Ra1 Qe6 15. h3 Qxe3+ 16. Qxe3 Nxe3 17. Rfe1 Nxc2 18. Nxc2 Bxd3 19. Ncd4 e6 20. Re3 Be4 21. Nd2 c5 22. Nb5 f5 23. Rc3 Rc6 24. Rac1 b6 25. Kf2 Kf6 26. Nd4 Rcc8 27. N2f3 Bxf3 28. Nxf3 h6 29. h4 Rcd8 30. Ne5 g5 31. g3 d4 32. Rd3 gxh4 33. gxh4 h5 34. Rg1 Rg8 35. Rdg3 Rxg3 36. Rxg3 Rd5 37. Rg6+ Ke7 38. Rg7+ Ke8 39. Ke2 Kf8 40. Rb7 d3+ 41. Nxd3 Rd4 42. Rxb6 c4 43. bxc4 Rxc4 44. Rxe6 Rxa4 45. Rf6+ Kg7 46. Rxf5 Kg6 47. Rb5 Ra2+ 48. Kf3 a4 49. Ne5+ Kg7 50. Nc4 Rc2 51. Ne3 Rc3 52. Rxh5 a3 53. Ra5 Kg6 54. Ke4 Rb3 55. h5+ Kh6 56. Ng4+ Kh7 57. Kf5 Rh3 58. Ra7+ Kg8 59. Kg6 Kf8 60. h6 a2 61. Rxa2 1-0

[Event "GER-chT Seniors 14th"]
[Site "Sottrum"]
[Date "2005.09.21"]
[Round "4"]
[White "Grabara, Manfred"]
[Black "Milstein, Boris"]
[Result "0-1"]
[WhiteElo "2054"]
[BlackElo "1966"]
[PlyCount "126"]
[EventDate "2005.09.18"]
[EventType "team-swiss"]
[EventRounds "7"]
[EventCountry "GER"]
[SourceTitle "CBM 108 Extra"]
[Source "ChessBase"]
[SourceDate "2005.11.04"]
[SourceVersion "1"]
[SourceVersionDate "2005.11.04"]
[SourceQuality "1"]

1. f4 d5 2. e3 g6 3. Nf3 Bg7 4. Be2 Nf6 5. 0-0 0-0 6. d4 Nbd7 7. c4 c5 8. cxd5 cxd4 9. exd4 Nxd5 10. Nc3 N7b6 11. Ne5 f6 12. Nc4 Be6 13. Nxb6 Nxb6 14. Be3 Rc8 15. Qd2 Nd5 16. Bf2 Qa5 17. Rfc1 Rfd8 18. g3 a6 19. Ne4 Qxd2 20. Nxd2 Nb4 21. Bc4 Bxc4 22. Rxc4 Rxc4 23. Nxc4 b5 24. Nb6 f5 25. a4 Nc2 26. Rc1 Nxd4 27. Kf1 Kf7 28. axb5 axb5 29. Rc5 Rb8 30. Nd7 Rb7 31. Ne5+ Bxe5 32. fxe5 Nf3 33. Kg2 Nd2 34. Rc6 e6 35. Bc5 Nc4 36. Bd6 Nxd6 37. Rxd6 b4 38. Rd4 Ke7 39. Kf3 g5 40. h4 h6 41. h5 Rb5 42. b3 Rxe5 43. Rxb4 Kf6 44. Rb7 g4+ 45. Kf2 Kg5 46. b4 Rd5 47. Rb6 e5 48. Rb8 f4 49. b5 Rd2+ 50. Ke1 Rb2 51. b6 fxg3 52. Kf1 Kxh5 53. b7 e4 54. Kg1 e3 55. Re8 Rxb7 56. Re6 Kg5 57. Kg2 h5 58. Kxg3 h4+ 59. Kg2 Rb2+ 60. Kf1 Kf4 61. Rf6+ Kg5 62. Ke1 h3 63. Re6 h2 0-1

[Event "GER-chT Seniors 14th"]
[Site "Sottrum"]
[Date "2005.09.20"]
[Round "3"]
[White "Worm, Alfred"]
[Black "Grabara, Manfred"]
[Result "1-0"]
[WhiteElo "1690"]
[BlackElo "2054"]
[PlyCount "93"]
[EventDate "2005.09.18"]
[EventType "team-swiss"]
[EventRounds "7"]
[EventCountry "GER"]
[SourceTitle "CBM 108 Extra"]
[Source "ChessBase"]
[SourceDate "2005.11.04"]
[SourceVersion "1"]
[SourceVersionDate "2005.11.04"]
[SourceQuality "1"]

1. e4 d5 2. exd5 Nf6 3. d4 Nxd5 4. c4 Nb6 5. Nc3 e5 6. dxe5 Qxd1+ 7. Nxd1 Nc6 8. Ne3 Nxe5 9. Bd2 Be6 10. Rc1 0-0-0 11. Be2 Be7 12. Nf3 Nd3+ 13. Bxd3 Rxd3 14. Ke2 Rhd8 15. Rhd1 Bf6 16. b3 Kb8 17. c5 Nc8 18. Bb4 Rxd1 19. Rxd1 Rxd1 20. Nxd1 Ne7 21. Bc3 Bxc3 22. Nxc3 Bg4 23. Ke3 Nf5+ 24. Kf4 Bxf3 25. Kxf3 Nd4+ 26. Ke4 Nc2 27. f4 Kc8 28. f5 Kd7 29. Nb5 a6 30. Nd4 Nxd4 31. Kxd4 Ke7 32. Ke5 h5 33. h3 a5 34. a3 f6+ 35. Kd5 c6+ 36. Ke4 Kf7 37. g3 g5 38. g4 h4 39. Kd4 Ke7 40. Kc4 Kd7 41. b4 axb4 42. axb4 Kc7 43. b5 cxb5+ 44. Kxb5 Kd7 45. Kb6 Kc8 46. c6 Kb8 47. Kc5 1-0

[Event "Brandenburg Seniors op 13th"]
[Site "Lindow/Mark"]
[Date "2005.09.09"]
[Round "3"]
[White "Grabara, Manfred"]
[Black "Mueller, Klaus2222"]
[Result "0-1"]
[WhiteElo "1775"]
[BlackElo "2054"]
[PlyCount "82"]
[EventDate "2005.09.07"]
[EventType "swiss"]
[EventRounds "9"]
[EventCountry "GER"]
[SourceTitle "EXT 2007"]
[Source "ChessBase"]
[SourceDate "2006.11.23"]
[SourceVersion "1"]
[SourceVersionDate "2006.11.23"]
[SourceQuality "1"]

1. f4 d5 2. e3 Nf6 3. Nf3 e6 4. b3 Bd6 5. Bb2 0-0 6. Be2 Nbd7 7. 0-0 Re8 8. Qe1 Qe7 9. Qh4 Ne4 10. Qxe7 Rxe7 11. d3 Nef6 12. Ne5 Ne8 13. Nd2 f6 14. Nxd7 Bxd7 15. Bf3 c6 16. c4 Nc7 17. a4 Na6 18. Bg4 Ree8 19. Rfc1 Bb4 20. Nf1 Nc5 21. Bc3 Nxd3 22. Bxb4 Nxb4 23. Be2 a5 24. Kf2 e5 25. Nd2 exf4 26. exf4 d4 27. Nf3 c5 28. Ne1 Re3 29. Rd1 Rae8 30. Rd2 Bf5 31. Bf3 b6 32. g4 Be4 33. Bxe4 R8xe4 34. Ng2 Rxb3 35. Re1 Rxe1 36. Kxe1 Rc3 37. Re2 Kf7 38. f5 Nd3+ 39. Kd2 Ne5 40. Nf4 Nxc4+ 41. Ke1 d3 0-1

[Event "Brandenburg Seniors op 13th"]
[Site "Lindow/Mark"]
[Date "2005.09.07"]
[Round "1"]
[White "Grabara, Manfred"]
[Black "Schmidt, Roland"]
[Result "1/2-1/2"]
[WhiteElo "1775"]
[BlackElo "1555"]
[PlyCount "111"]
[EventDate "2005.09.07"]
[EventType "swiss"]
[EventRounds "9"]
[EventCountry "GER"]
[SourceTitle "EXT 2007"]
[Source "ChessBase"]
[SourceDate "2006.11.23"]
[SourceVersion "1"]
[SourceVersionDate "2006.11.23"]
[SourceQuality "1"]

1. f4 f5 2. b3 e6 3. Bb2 Nf6 4. Nf3 d5 5. e3 c6 6. a4 Be7 7. c4 0-0 8. Be2 Bd7 9. 0-0 Be8 10. Qe1 Qb6 11. Qd1 Ne4 12. a5 Qd8 13. d3 Nf6 14. Ng5 Qd7 15. Nd2 Bc5 16. d4 Be7 17. g4 fxg4 18. Bxg4 Nxg4 19. Qxg4 Rf6 20. Kh1 Rg6 21. h4 Rh6 22. Ndf3 Bh5 23. Qh3 Na6 24. Ne5 Qc8 25. Ng4 Bxg4 26. Qxg4 Nc7 27. Rf2 Qe8 28. Ba3 Bxa3 29. Rxa3 Qh5 30. Qxh5 Rxh5 31. Rh2 Rf8 32. Ra1 Rf6 33. Rg1 Rg6 34. Rgg2 h6 35. cxd5 Nxd5 36. Nf3 Rxg2 37. Rxg2 Nxe3 38. Re2 Nf5 39. Rxe6 Nxh4 40. Ne5 Ng6+ 41. Kg1 Nxf4 42. Re8+ Kh7 43. a6 bxa6 44. Nxc6 Rd5 45. Re7 Rd6 46. Nb8 Rb6 47. Nd7 Rxb3 48. Nf6+ Kg6 49. Ne8 Nh5 50. d5 Kf5 51. d6 a5 52. Rxa7 Ke6 53. Re7+ Kf5 54. Ra7 Ke6 55. Re7+ Kf5 56. Ra7 1/2-1/2

[Event "Wch Seniors 13th"]
[Site "Bad Zwischenahn"]
[Date "2003.11.26"]
[Round "8"]
[White "Spurga, Josef"]
[Black "Grabara, Manfred"]
[Result "1-0"]
[WhiteElo "1850"]
[BlackElo "1740"]
[PlyCount "37"]
[EventDate "2003.11.16"]
[EventType "swiss"]
[EventRounds "11"]
[EventCountry "GER"]
[SourceTitle "CBM 097 Extra"]
[Source "ChessBase"]
[SourceDate "2004.01.13"]
[SourceVersion "1"]
[SourceVersionDate "2004.01.13"]
[SourceQuality "1"]

1. e4 d5 2. exd5 Nf6 3. d4 Nxd5 4. c4 Nb6 5. Nf3 Bg4 6. Nc3 e5 7. Be2 exd4 8. Nxd4 Bxe2 9. Qxe2+ Be7 10. Nf5 Kf8 11. Nxe7 Qxe7 12. Be3 N8d7 13. 0-0 Qb4 14. Rad1 c6 15. Rfe1 Nf6 16. a3 Qb3 17. Bd4 Nbd7 18. Qe7+ Kg8 19. Bxf6 1-0

[Event "GER-chT Seniors 08th"]
[Site "Verden"]
[Date "1999.08.07"]
[Round "7.2"]
[White "Grabara, Manfred"]
[Black "Kleinwaechter, Matthias"]
[Result "0-1"]
[WhiteElo "1838"]
[BlackElo "1998"]
[PlyCount "94"]
[EventDate "1999.08.01"]
[EventType "team-swiss"]
[EventRounds "7"]
[EventCountry "GER"]
[SourceTitle "EXT 2022"]
[Source "ChessBase"]
[SourceDate "2021.10.06"]
[SourceVersion "1"]
[SourceVersionDate "2021.10.06"]
[SourceQuality "1"]

1. d4 Nf6 2. c4 g6 3. Nc3 Bg7 4. e4 d6 5. Be2 0-0 6. Nf3 e5 7. d5 Na6 8. Bg5 Bd7 9. h3 Qe8 10. g4 Nc5 11. Nd2 a5 12. Be3 h6 13. Bxc5 dxc5 14. a4 Qe7 15. Bd3 Ne8 16. Qf3 Bf6 17. 0-0-0 Kg7 18. Kb1 Ra6 19. Qg2 Bg5 20. Nf3 Bf4 21. h4 Rb6 22. Ka2 Nd6 23. b3 Ra6 24. Nd2 Raa8 25. Nf1 Rh8 26. Ne3 Rag8 27. Nc2 Kf8 28. f3 Ke8 29. Qf2 b6 30. Ne2 Kd8 31. Nxf4 exf4 32. Qd2 Qe5 33. Ne1 f5 34. exf5 gxf5 35. gxf5 Bxf5 36. Bxf5 Qxf5 37. Nd3 Rg3 38. Qxf4 Rxf3 39. Qxf5 Nxf5 40. Rh2 Re8 41. Rdd2 Ree3 42. Nc1 Nd4 43. Rb2 h5 44. Rhg2 Re1 45. Ne2 Rff1 46. Rd2 Ra1+ 47. Kb2 Rfb1+ 0-1

[Event "GER-chT Seniors 08th"]
[Site "Verden"]
[Date "1999.08.06"]
[Round "6.2"]
[White "Moeckel, Edgar"]
[Black "Grabara, Manfred"]
[Result "1-0"]
[WhiteElo "1866"]
[BlackElo "1838"]
[PlyCount "137"]
[EventDate "1999.08.01"]
[EventType "team-swiss"]
[EventRounds "7"]
[EventCountry "GER"]
[SourceTitle "EXT 2022"]
[Source "ChessBase"]
[SourceDate "2021.10.06"]
[SourceVersion "1"]
[SourceVersionDate "2021.10.06"]
[SourceQuality "1"]

1. d4 f5 2. c4 g6 3. g3 Bg7 4. Nf3 Nf6 5. Bg2 d6 6. Nc3 c6 7. 0-0 0-0 8. d5 e5 9. dxe6 Bxe6 10. Qd3 Kh8 11. Bf4 Qa5 12. Bxd6 Rd8 13. c5 Na6 14. Qe3 Re8 15. Ne5 Nd7 16. Bxc6 Naxc5 17. b4 Qxb4 18. Rab1 Qa3 19. Bxd7 Bxd7 20. Bxc5 Qa5 21. f4 Rac8 22. Bd4 b6 23. Rfc1 Be6 24. Qd2 Kg8 25. Qb2 Red8 26. e3 Bf8 27. a4 Qa6 28. Nb5 Rxc1+ 29. Rxc1 Qxa4 30. Ra1 Qb3 31. Qxb3 Bxb3 32. Rxa7 Bc5 33. Nc6 Re8 34. Rg7+ Kf8 35. Rxh7 Bg8 36. Rd7 Be6 37. Rh7 Bg8 38. Rb7 Bd5 39. Nba7 Bxd4 40. exd4 Re1+ 41. Kf2 Rc1 42. Rb8+ Kg7 43. Ne5 Rc2+ 44. Ke3 Be4 45. Rxb6 Rc3+ 46. Kd2 Rc2+ 47. Kd1 Rxh2 48. Rxg6+ Kf8 49. Nb5 Ke7 50. Ra6 Rg2 51. Ra3 Kd8 52. Nd6 Rg1+ 53. Ke2 Rg2+ 54. Kf1 Rd2 55. Nxe4 fxe4 56. Ke1 Rg2 57. Kf1 Rd2 58. Re3 Rd1+ 59. Kg2 Rd2+ 60. Kh3 Kc7 61. Rxe4 Rd1 62. Nf3 Kd6 63. Re5 Rd3 64. Kg4 Ra3 65. f5 Rd3 66. Kf4 Rd1 67. f6 Ra1 68. f7 Ra8 69. Re8 1-0

[Event "GER-chT Seniors 08th"]
[Site "Verden"]
[Date "1999.08.02"]
[Round "?"]
[White "Ahlberg, Guenter"]
[Black "Grabara, Manfred"]
[Result "1-0"]
[WhiteElo "2184"]
[BlackElo "1838"]
[PlyCount "80"]
[EventDate "1999.08.01"]
[EventType "team-swiss"]
[EventRounds "7"]
[EventCountry "GER"]
[SourceTitle "EXT 2022"]
[Source "ChessBase"]
[SourceDate "2021.10.06"]
[SourceVersion "1"]
[SourceVersionDate "2021.10.06"]
[SourceQuality "1"]

1. e4 d5 2. exd5 Nf6 3. d4 Nxd5 4. Bd3 Nc6 5. c3 e5 6. Qe2 Qe7 7. Bb5 exd4 8. Bxc6+ bxc6 9. cxd4 Ba6 10. Qxe7+ Bxe7 11. Bd2 Nb4 12. Bxb4 Bxb4+ 13. Nc3 0-0-0 14. 0-0-0 Rhe8 15. Nf3 Bxc3 16. bxc3 f6 17. Rde1 Kd7 18. Nd2 Rxe1+ 19. Rxe1 Re8 20. Ne4 Kd8 21. Kd2 Bc4 22. a3 f5 23. Ng5 Rxe1 24. Kxe1 Bd5 25. Nxh7 Bxg2 26. Ke2 Bd5 27. Ke3 Ke7 28. Kf4 g6 29. Ke5 a6 30. Ng5 a5 31. h4 a4 32. Nh3 Bc4 33. Nf4 Bf7 34. Nd3 Bb3 35. Nc5 Bc2 36. Ne6 Bb3 37. Nxc7 Kd7 38. Na6 Kc8 39. Kd6 Kb7 40. Nb4 Kb6 1-0

[Event "Wch Seniors 08th"]
[Site "Grieskirchen"]
[Date "1998.11.20"]
[Round "10"]
[White "Grabara, Manfred"]
[Black "Porubszki, Georg"]
[Result "0-1"]
[WhiteElo "1902"]
[BlackElo "1847"]
[PlyCount "120"]
[EventDate "1998.11.08"]
[EventType "swiss"]
[EventRounds "11"]
[EventCountry "AUT"]
[SourceTitle "CBM 067 Extra"]
[Source "ChessBase"]
[SourceDate "1999.01.01"]
[SourceVersion "1"]
[SourceVersionDate "1999.01.01"]
[SourceQuality "1"]

1. d4 Nf6 2. c4 e6 3. Nc3 Bb4 4. Qc2 b6 5. Bg5 Bb7 6. Nf3 h6 7. Bh4 Qe7 8. a3 Bxc3+ 9. Qxc3 a5 10. b3 d6 11. Nd2 Nbd7 12. f3 e5 13. dxe5 dxe5 14. e4 0-0 15. Be2 Rfd8 16. 0-0 c5 17. Rfd1 Nf8 18. Nf1 Ng6 19. Bf2 Nf4 20. Qb2 N6h5 21. Ne3 Qg5 22. Bf1 Nh3+ 23. Kh1 Nxf2+ 24. Qxf2 g6 25. g3 Ng7 26. h4 Qe7 27. Nd5 Bxd5 28. Rxd5 Rxd5 29. cxd5 Qd6 30. Bb5 f5 31. Rf1 Rf8 32. Qd2 Kh7 33. Kg2 fxe4 34. fxe4 Rxf1 35. Kxf1 Ne6 36. Qf2 Nd4 37. Qf7+ Kh8 38. Ba4 b5 39. Qe8+ Kg7 40. Bxb5 Qf6+ 41. Kg1 Nxb3 42. Qd7+ Qf7 43. Qg4 Nd4 44. Bd3 Nf3+ 45. Kh1 Ne1 46. Qe2 Qf3+ 47. Qxf3 Nxf3 48. d6 Kf7 49. Bc4+ Ke8 50. Bb5+ Kd8 51. Kg2 Nd2 52. a4 Nxe4 53. Bd3 Nxd6 54. Bxg6 e4 55. Kf2 c4 56. Ke1 Ke7 57. Kd2 Kf6 58. h5 Ke5 59. Kc3 e3 60. Bh7 Ne4+ 0-1

[Event "Wch Seniors 08th"]
[Site "Grieskirchen"]
[Date "1998.11.13"]
[Round "5"]
[White "Glaser, Heinz Alfred"]
[Black "Grabara, Manfred"]
[Result "0-1"]
[WhiteElo "1680"]
[BlackElo "1902"]
[PlyCount "121"]
[EventDate "1998.11.08"]
[EventType "swiss"]
[EventRounds "11"]
[EventCountry "AUT"]
[SourceTitle "CBM 067 Extra"]
[Source "ChessBase"]
[SourceDate "1999.01.01"]
[SourceVersion "1"]
[SourceVersionDate "1999.01.01"]
[SourceQuality "1"]

1. e4 d5 2. exd5 Nf6 3. Nc3 Nxd5 4. Nxd5 Qxd5 5. Nf3 Bg4 6. Be2 e6 7. 0-0 Be7 8. c3 0-0 9. h3 Bh5 10. d4 Rd8 11. Ne5 Bxe2 12. Qxe2 Nd7 13. Nf3 Nb6 14. Re1 Bf6 15. Bf4 c5 16. Be5 cxd4 17. Bxf6 gxf6 18. Nxd4 Kh8 19. Qe4 Rac8 20. Qf3 Qxf3 21. Nxf3 e5 22. Rad1 Na4 23. Rxd8+ Rxd8 24. Rb1 Kg7 25. Kf1 Kf8 26. Ke1 Ke7 27. Nd2 f5 28. c4 Ke6 29. b4 b6 30. Rb3 Rd7 31. Ke2 e4 32. Ke3 f4+ 33. Ke2 f5 34. Nf1 Rd4 35. Ra3 b5 36. cxb5 Rxb4 37. Rb3 Rxb3 38. axb3 Nc3+ 39. Kd2 Nxb5 40. g3 Ke5 41. gxf4+ Kxf4 42. Ne3 Kg5 43. Nd5 f4 44. Ke1 a5 45. Kf1 Nd4 46. b4 axb4 47. Nxb4 Kh4 48. Nd5 Kg5 49. h4+ Kf5 50. Kg2 Ke5 51. Nb6 e3 52. Nc4+ Ke4 53. fxe3 fxe3 54. Nxe3 Kxe3 55. Kg3 h5 56. Kg2 Kf4 57. Kh3 Nf5 58. Kg2 Kg4 59. Kh2 Ng3 60. Kg2 Kxh4 61. Kf3 0-1

[Event "Wch Seniors 08th"]
[Site "Grieskirchen"]
[Date "1998.11.12"]
[Round "4"]
[White "Grabara, Manfred"]
[Black "Lim, Kok Ann"]
[Result "0-1"]
[WhiteElo "1902"]
[BlackElo "1975"]
[PlyCount "50"]
[EventDate "1998.11.08"]
[EventType "swiss"]
[EventRounds "11"]
[EventCountry "AUT"]
[SourceTitle "CBM 067 Extra"]
[Source "ChessBase"]
[SourceDate "1999.01.01"]
[SourceVersion "1"]
[SourceVersionDate "1999.01.01"]
[SourceQuality "1"]

1. d4 Nf6 2. c4 g6 3. Nc3 Bg7 4. e4 d6 5. Be2 0-0 6. Nf3 c5 7. 0-0 cxd4 8. Nxd4 Nc6 9. Be3 a6 10. Rb1 Bd7 11. Qd2 Ng4 12. Bxg4 Bxg4 13. b4 Rc8 14. f3 Bd7 15. Nde2 Ne5 16. c5 Nc4 17. Qd3 Nxe3 18. Qxe3 dxc5 19. bxc5 Bc6 20. Rfd1 Qa5 21. e5 Kh8 22. Rd3 Rfd8 23. Rbd1 Rxd3 24. Rxd3 Bb5 25. Nxb5 Qe1# 0-1

[Event "Wch Seniors 07th"]
[Site "Bad Wildbad"]
[Date "1997.??.??"]
[Round "8"]
[White "Weiler, Ludwig"]
[Black "Grabara, Manfred"]
[Result "1-0"]
[WhiteElo "2095"]
[BlackElo "1809"]
[PlyCount "151"]
[EventDate "1997.11.13"]
[EventType "swiss"]
[EventRounds "11"]
[EventCountry "GER"]
[SourceTitle "EXT 1999"]
[Source "ChessBase"]
[SourceDate "1998.11.16"]
[SourceVersion "1"]
[SourceVersionDate "1998.11.16"]
[SourceQuality "1"]

1. e4 d5 2. exd5 Nf6 3. Nc3 Nxd5 4. Qf3 e6 5. Bc4 Nb6 6. Bb3 Nc6 7. Nge2 Nd4 8. Nxd4 Qxd4 9. 0-0 c6 10. Re1 Be7 11. Ne4 0-0 12. c3 Qd8 13. d4 Nd5 14. Bc2 Nf6 15. Bf4 Nxe4 16. Rxe4 Bf6 17. Be5 Bxe5 18. dxe5 Qe7 19. Rd1 c5 20. Ree1 Rb8 21. Qd3 g6 22. Qd6 Qxd6 23. Rxd6 b6 24. Red1 Rb7 25. f4 Rc7 26. Kf2 Kg7 27. Ke3 f6 28. exf6+ Kxf6 29. Rd8 Rxd8 30. Rxd8 Bb7 31. Be4 Ke7 32. Rh8 Kd6 33. Bxb7 Rxb7 34. Ke4 Rd7 35. Re8 Rf7 36. Rd8+ Ke7 37. Rd2 Kf6 38. g4 g5 39. Rf2 Rd7 40. f5 Rd1 41. h4 Re1+ 42. Kd3 h6 43. hxg5+ hxg5 44. fxe6+ Kxe6 45. Rf5 Re5 46. Rf8 Kd6 47. Rf6+ Ke7 48. Rh6 c4+ 49. Kxc4 Re4+ 50. Kb5 Rxg4 51. Rh7+ Kf6 52. Rxa7 Re4 53. Kxb6 g4 54. Rd7 Re2 55. b4 Rxa2 56. c4 g3 57. Rd3 g2 58. Rg3 Ke5 59. c5 Kf4 60. Rg8 Kf3 61. c6 Ra4 62. Kb5 Ra8 63. Rxg2 Kxg2 64. c7 Kf3 65. Kc6 Ke4 66. b5 Kd4 67. b6 Rh8 68. b7 Rh6+ 69. Kb5 Rh5+ 70. Kb6 Rh6+ 71. Ka7 Rh1 72. c8Q Ra1+ 73. Kb6 Rb1+ 74. Ka5 Ra1+ 75. Kb4 Rb1+ 76. Ka3 1-0